Central Library OPAC University of Rajshahi
Normal view MARC view

Entry Personal Name

Number of records used in: 2

001 - CONTROL NUMBER

  • control field: 6607

003 - CONTROL NUMBER IDENTIFIER

  • control field: BD-RjUL

005 - DATE AND TIME OF LATEST TRANSACTION

  • control field: 20230117143701.0

008 - FIXED-LENGTH DATA ELEMENTS

  • fixed length control field: 230117|| aca||aabn | a|a d

040 ## - CATALOGING SOURCE

  • Original cataloging agency: BD-RjUL
  • Transcribing agency: BD-RjUL

100 ## - HEADING--PERSONAL NAME

  • Personal name: Qamir, Uhanna

670 ## - SOURCE DATA FOUND

  • Source citation: Work cat.: (BD-RjUL)81088: Qamir, yohanaa قمير, يوحنا 250829, مقدمة ابن خلدون : دراسة -مختارات ;; muqadimat alealamat abn khaldun : dirasat -mukhtarat /, 1952